| 000 | 00679nam a22001937a 4500 | ||
|---|---|---|---|
| 003 | PILC | ||
| 005 | 20160523091635.0 | ||
| 008 | 160523b xxu||||| |||| 00| 0 eng d | ||
| 020 | _a9789719803652 | ||
| 050 |
_aQR 63 _b.T53 2015 |
||
| 100 | _aTiburcio, Ma. Jennifer R. | ||
| 245 |
_aLaboratory manual in bacteriology (Outcomes-based education program) / _cMa. Jennifer R. Tiburcio, Carmelita C. Cardona. |
||
| 250 | _a1st edition. | ||
| 260 |
_aQuezon City : _bC & E Publishing, Inc., _c2015. |
||
| 300 |
_aix, 122 pages : _billustrations ; _c26 cm. |
||
| 500 | _aIncludes bibliographical references. | ||
| 650 |
_aBacteriology _xHandbooks, manuals, etc. |
||
| 942 |
_2lcc _cBK |
||
| 999 |
_c294684 _d294684 |
||